Sinhala (Record no. 183078)
[ view plain ]
| 000 -LEADER | |
|---|---|
| fixed length control field | 01351nam a2200337Ia 4500 |
| 082 04 - DEWEY DECIMAL CLASSIFICATION NUMBER | |
| Classification number | 491.4/85 |
| 100 1# - MAIN ENTRY--AUTHOR NAME | |
| Personal name | Chandralal, Dileep. |
| 245 10 - TITLE STATEMENT | |
| Title | Sinhala |
| 260 ## - PUBLICATION, DISTRIBUTION, ETC. (IMPRINT) | |
| Place of publication | Amsterdam ; |
| -- | Philadelphia : |
| Name of publisher | John Benjamins Pub. Co., |
| Year of publication | 2010. |
| 300 ## - PHYSICAL DESCRIPTION | |
| Number of Pages | xiv, 296 p. |
| 490 1# - SERIES STATEMENT | |
| Series statement | London Oriental and African language library, |
| 650 #0 - SUBJECT ADDED ENTRY--TOPICAL TERM | |
| Topical Term | Sinhalese language |
| Topical Term | Indo-Aryan languages, Modern. |
| 856 40 - ELECTRONIC LOCATION AND ACCESS | |
| Uniform Resource Identifier | http://site.ebrary.com/lib/rucke/Doc?id=10408488 |
No items available.
